| 000 | 00597nam a22001817a 4500 | ||
|---|---|---|---|
| 003 | NUST | ||
| 020 | _qHardcover. | ||
| 038 | _aMr. Zahoor | ||
| 082 | _a620.1 | ||
| 100 |
_aShah, Suhail Ahmed _917454 |
||
| 245 |
_aInvestigation of tool management strategies for a flexible manufacturing System / _c Suhail Ahmed Shah. |
||
| 260 |
_aIslamabad : _bSMME - NUST, _c2016. |
||
| 300 |
_avi, 67 p. : ill. ; _c30cm. |
||
| 650 |
_aMechanical Engineering - MS Thesis _916090 |
||
| 700 |
_aDr Khalid Akhtar _917455 |
||
| 856 | _uhttp://10.250.8.41:8080/xmlui/handle/123456789/12868 | ||
| 942 |
_2ddc _cTHE |
||
| 999 |
_c526450 _d526450 |
||